000 00639nam a22002297a 4500
001 00028954
005 20260429085158.0
008 260429b ag ||||| |||| 00| 0 spa d
020 _a8441307121
040 _aAR-CcCEOS
_bspa
_cAR-CcCEOS
041 _aspa
080 _a94:7(8=87)
090 _bDIC v.2
100 1 _aDickey, Thomas
_91142
245 _aLos reyes de el dorado :
_bVolumen II /
_cThomas Dickey, John Man y Henry Wiencek
264 _aBarcelona :
_bFolio,
_c1997.
300 _a171 p. ;
_c24x18 cm.
490 _vAtlas culturales del mundo
650 0 _ahistoria
_990
655 0 _aarte
_9138
942 _2udc
_cBK
_n0
999 _c29007
_d29007